000 00439nam a2200157 i 4500
001 91044
003 ES-MaACL
005 20230906180625.0
007 t|
008 050126s1970 sp ||||1| spa d
100 1 _aLerbet, Georges.
_971748
245 1 3 _aEl ocio de los jóvenes /
_cGeorges Lerbet ; traducción por Diorki.
260 _aMadrid :
_bStudium,
_c[1970]
300 _a171 p. ;
_c19 cm.
852 _aES-MaACL
_jC-48123
_bR.75892
999 _c91044
_d91044